| 000 | 02178nam0a2200361 4500 | ||
|---|---|---|---|
| 001 | RU\NLR\bibl\1743903 | ||
| 005 | 20260408015958.0 | ||
| 010 |
_a978-5-91903-011-9 _9500 |
||
| 021 |
_aRU _b2011-7511 _9537 |
||
| 035 | _a(NLR Aleph) 001734806 | ||
| 090 |
_a1422261 _c1422261 |
||
| 100 | _a20110305d2010 |||y0rusy50 ca | ||
| 101 | 0 |
_arus _aeng |
|
| 102 | _aRU | ||
| 105 | _aa ||||||||| | ||
| 200 | 1 |
_aСовременные тенденции развития теории и практики управления в России и за рубежом _dModern tendencies of the management theory and practice development in Russia and abroad _eматериалы II (IV) международной научно-практической конференции, 8-9 декабря 2010 г., [Ставрополь _fредкол.: д.э.н., проф. Ушвицкий Л.И. и др.] _zeng |
|
| 210 |
_aСтаврополь _cФабула _d2010 |
||
| 215 |
_a360 с. _cил. _d29 |
||
| 300 | _aВ надзаг.: М-во образования и науки Рос. Федерации, ГОУ ВПО "Сев.-Кавк. гос. техн. ун-т", Каф. менеджмента | ||
| 300 | _aЧасть текста на англ. яз. | ||
| 320 | _aБиблиогр. в конце докл. | ||
| 510 | 1 |
_aModern tendencies of the management theory and practice development in Russia and abroad _zeng |
|
| 606 | 1 |
_aОрганизации _jСъезды, совещания и т.п. _xУправление _92081403 _3RU\NLR\auth\661257382 |
|
| 686 | _aУ21(0)24я431 | ||
| 686 | _aУ21(2)24я431 | ||
| 702 | 1 |
_4340 _7ca _8rus _aУшвицкий _bЛ. И. _f1953- _gЛев Исакович _946861 _3RU\NLR\AUTH\7763932 |
|
| 711 | 1 | 2 |
_a"Современные тенденции развития теории и практики управления в России и за рубежом", международная научно-практическая конференция _d2 _eСтаврополь _f2010 _9854767 _3RU\NLR\AUTH\8810179307 |
| 801 | 0 |
_aRU _bNLR _c20110305 _gRCR |
|
| 801 | 1 |
_aRU _bNLR _c20110305 |
|
| 942 | _cBOOK | ||
| 980 | _aNB | ||